00584nam a2200169Ia 4500003000900000008004100009040001600050080002600066110003300092245016200125260005000287300000900337650001400346650001900360650001400379650002100393IN-BaIIA211028s9999 xx 000 0 eng d cIIA Library a083.7:621.355.21bISI aIndian Standards Institution 0aIndian Standard Specification for Stationary cells and Batteries, Lead Acid Type (with Tubular)cIndian Standards Institution  aNew DelhibIndian Standards Institutionc1980 a18p. aBatteries aNASA Thesaurus aStandards aStationary Cells